000 00591cam a22002291 4500
001 sa 66005039
003 DLC
005 20260227112247.0
008 890913s1966 ii a b 000 0 maro
010 _asa 66005039
035 _a(OCoLC)20334590
040 _aDLC
_cWaU
_dDLC
042 _apremarc
050 0 0 _aBL1215.M35
_bA4
100 1 _aMate, M. S.
_q(Madhukar Shripad)
245 1 0 _aŚrīcakradharasvāmī.
260 _c[1966]
300 _a104 p.
_billus.
_c18 cm.
500 _aIn Marathi.
504 _aBibliography : p. 104.
700 0 _aCakradhara,
_dactive 13th century.
999 _c69771
_d69771